00497nam a2200133Ia 4500008004100000024006000041082001800101100008500119245005700204260002600261600002100287650003800308999001700346260210s9999 xx 000 0 und d a15B-017-CS, 15B-021-CS, 15B-078-CS & 15B-084-CS a005.13072 AGH aAgha Muhammad Hassan Khan, Shaiq Ul Hassan, Saad Bin Zubair Ghazi & Taha Ali 0aAircraft inspection Using Flying Machine (CODE BOOK) aKarachi:bUITU,c2015 aComputer Science aBachelor of Computer Science (BS) c32317d32317